| 000 | 01274cam a22003494i 4500 | ||
|---|---|---|---|
| 003 | PE-LiUPU | ||
| 005 | 20250731175629.0 | ||
| 008 | 150623s r 000 0 d | ||
| 035 | _a(Sirsi) a26895 | ||
| 040 |
_aPE-LiUPU _bspa _cPE-LiUPU _erda |
||
| 082 | 0 | 4 |
_a492.429 _bM19 _221 |
| 100 | 1 |
_aMandelkern, Solomon, _d1846-1902, _eautor. |
|
| 245 | 1 | 0 |
_aVeteris testamenti concordantiae : _bHebraicae atque chaldaicae / _cSalomon Mandelkern. |
| 264 | 1 |
_aIsrael : _bLipsiae, _c1896. |
|
| 300 |
_a1532 páginas ; _c24 cm. |
||
| 336 |
_atext _2rdacontent |
||
| 337 |
_aunmediated _2rdamedia |
||
| 338 |
_avolume _2rdacarrier |
||
| 505 | 0 | _aConcordancia biblica en Hebreo. | |
| 526 | _aP145 | ||
| 526 | _aP127 | ||
| 526 | _aP97 | ||
| 526 | _aP35 | ||
| 526 | _aP14 | ||
| 526 | _aP07 | ||
| 630 |
_aBiblia. _pA.T. _lHebreo-Caldeo _vConcordancia. |
||
| 942 |
_2ddc _cBOOK |
||
| 949 |
_a492.429 M19 _wDEWEY _c1 _i52168 _lCCODEBUL1 _mBUL _p35.00 _r0 _sY _tBOOK _u2015-06-24 _xTEOLOGIA _PP35 _0COMPRA _o.STAFF. Colección General |
||
| 596 | _a1 | ||
| 999 |
_a492.429 M19 _wDEWEY _c33975 _i52168 _f2021-11-11 _g5 _lCCODEBUL1 _mBUL _p35.00 _r0 _sY _tBOOK _u2015-6-24 _xTEOLOGIA _PP35 _0COMPRA _o.STAFF. Colección General _d33975 |
||
| 980 |
_81 _gALBERTO SANCHEZ Responsable de Automatización |
||